1696 1099 1995 1718 1069 1992 1532 1905 1916 1905 1497 1633 1441 1619 1095 1705 1038 1348 1879 1049 1746 1470 1840 2000 1584 1325 1340 1554 1067 1169 1720 1954 1678 1791 1369 1504 1882 1393 1349 1477 1297 1014 1762 1419 1741 1992 1463 1218 1248 1697 1850 1732 1174 1452 1518 1457 1732 1453 1039 1322 1462 1240 1259 1064 1467 1124 1962 1046 1981 1660 1427 1315 1588 1652 1641 1408 1288 1027 1105 1054 1853 1888 1033 1951 1433 1513 1728 1019 1596 1944 1646 1340 1999 1481 1459 1676 1713 1126 1497 BCNSPRNW ULIB Ver.6.0+V

เปลี่ยนเป็นภาษาไทย

Change to English
 แสดงรายละเอียดบรรณานุกรม
  กลับหน้าหลัก

Brief Record : Get Marc (ISO 2709) : E-mail record : QR code < ปิดหน้าต่าง
LEADER : 00000nam 2200000uu 4500
001    13399111762
003     ULIB
008    110707s2544||||th 000 0 tha d
020    9789746900492
020    9746900496
050  4 DS568^bว72พ 2544
100 0  วิลาศ มณีวัต
245 10 พระราชอารมณ์ขัน /^cวิลาศ มณีวัต
250    พิมพ์ครั้งที่ 10
260    กรุงเทพฯ :^bดอกหญ้า 2543,^c2544
300    175 หน้า :^bภาพประกอบ ;^c21 ซม.
440    โครงการอนุรักษ์วรรณกรรมเก่าและหายาก ชุดเพิ่มพูนปัญญาเสริมคุณค่าความคิด
600 07 ภูมิพลอดุลยเดช,^cพระบาทสมเด็จพระปรมินทรมหา,^d2470-^xพระราชดำรัส
650  4 พระราชดำรัส
945    ^p130^l0^i018324
945    ^p130^l0^i014812
995    ทศพร
999 ^a ใช้งานได้ทุกระบบ
รายการนี้ยังไม่มีแท็ก
คุณยังไม่ได้ล็อกอิน คุณสามารถมีกิจกรรมร่วมกับเว็บไซต์ได้ แต่ต้องล็อกอินก่อน ::
  ล็อกอิน

รายการสื่อสารสนเทศ

ลำดับที่ ประเภท เลขเรียก/บาร์โค้ด สถานที่ สถานะ
- ไม่พบข้อมูล -

รายการใกล้เคียง
    หัวเรื่อง [พระราชดำรัส]

BibComment


ยังไม่เคยถูกคอมเมนท์

คอมเมนท์ทรัพยากรรายการนี้
  คอมเมนท์: พระราชอารมณ์ขัน ..


 Copyright 2026. Bcnsprnw @Library